[Event "Montigny le Bretonneux Noel op 16th"]
[Site "Montigny le Bretonneux"]
[Date "2015.12.29"]
[Round "6"]
[White "Delpech, Olivier"]
[Black "Immele, Herve"]
[Result "1/2-1/2"]
[WhiteElo "1665"]
[BlackElo "1570"]
[PlyCount "68"]
[EventDate "2015.12.27"]
[EventType "swiss"]
[EventRounds "7"]
[EventCountry "FRA"]
[SourceTitle "CBM 170 Extra"]
[Source "ChessBase"]
[SourceDate "2016.02.25"]
[SourceVersion "1"]
[SourceVersionDate "2016.02.25"]
[SourceQuality "1"]

1. c4 c6 2. Nc3 g6 3. e4 Bg7 4. d4 d6 5. Nf3 Bg4 6. Be2 Bxf3 7. Bxf3 Nd7 8. 0-0 Qc7 9. Be3 h5 10. Rc1 Ngf6 11. h3 h4 12. b4 Bh6 13. Bxh6 Rxh6 14. Qd2 Rh7 15. c5 dxc5 16. bxc5 0-0-0 17. e5 Nxe5 18. Be2 Ned7 19. f4 e6 20. Qe3 Nh5 21. Ne4 Rg7 22. Nd6+ Kb8 23. Rb1 b6 24. Bxh5 gxh5 25. Qe1 Rdg8 26. Rf2 Ka8 27. a4 Rg3 28. Ne4 Rxh3 29. Ng5 Rxg5 30. fxg5 Qh2+ 31. Kf1 Rg3 32. Qe4 Kb7 33. Rxf7 Kc7 34. Qe5+ Kd8 1/2-1/2